000 00263nam a2200097Ia 4500
001 1252890
005 20251031150943.0
008 251031s9999 xx 000 0 und d
245 0 _cİBRAHİM KUNT
_aKONYA KİTABELERİ 1
260 _bSELÇUKLU BELEDİYESİ YAYINLARI
999 _c1252890
_d1252890